[Event "Krakow Malopolska-ch"]
[Site "Krakow"]
[Date "2021.06.06"]
[Round "7"]
[White "Golda, Sebastian"]
[Black "Berezowski, Szymon"]
[Result "1/2-1/2"]
[WhiteElo "2086"]
[BlackElo "2015"]
[PlyCount "89"]
[EventDate "2021.06.03"]
[EventType "swiss"]
[EventRounds "7"]
[EventCountry "POL"]
[SourceTitle "CBM 202 Extra"]
[Source "ChessBase"]
[SourceDate "2021.07.31"]
[SourceVersion "1"]
[SourceVersionDate "2021.07.31"]
[SourceQuality "1"]

1. e4 e6 2. d4 d5 3. Nd2 Be7 4. c3 Nf6 5. e5 Nfd7 6. f4 c5 7. Ndf3 Nc6 8. a3 Qb6 9. h4 Nf8 10. Bd3 Bd7 11. Ne2 cxd4 12. cxd4 Na5 13. b4 Nc4 14. Bxc4 dxc4 15. Nc3 Bc6 16. d5 Bxd5 17. Nxd5 exd5 18. Qxd5 Ne6 19. f5 Rd8 20. Qe4 Nd4 21. Be3 Nc2+ 22. Ke2 Nxe3 23. Qxe3 Qc6 24. Rad1 0-0 25. Kf2 Rxd1 26. Rxd1 Bd8 27. Nd4 Qd7 28. Ke2 Bb6 29. e6 Qd5 30. exf7+ Qxf7 31. Qe4 Bxd4 32. Qxd4 Re8+ 33. Kd2 Qxf5 34. Kc3 b5 35. Qxa7 Qf6+ 36. Qd4 Re3+ 37. Kb2 Re2+ 38. Ka1 Re1 39. Ka2 Re2+ 40. Kb1 Qxd4 41. Rxd4 Rxg2 42. Rd5 Rg3 43. Kb2 Rg2+ 44. Kb1 Rg3 45. Kb2 1/2-1/2

[Event "Krakow Malopolska-ch"]
[Site "Krakow"]
[Date "2021.06.04"]
[Round "3"]
[White "Berezowski, Szymon"]
[Black "Rosol, Alexander"]
[Result "0-1"]
[WhiteElo "2015"]
[BlackElo "2020"]
[PlyCount "68"]
[EventDate "2021.06.03"]
[EventType "swiss"]
[EventRounds "7"]
[EventCountry "POL"]
[SourceTitle "CBM 202 Extra"]
[Source "ChessBase"]
[SourceDate "2021.07.31"]
[SourceVersion "1"]
[SourceVersionDate "2021.07.31"]
[SourceQuality "1"]

1. c4 Nf6 2. Nc3 g6 3. e4 d6 4. d4 Bg7 5. Nf3 0-0 6. Be2 e5 7. dxe5 dxe5 8. Qxd8 Rxd8 9. Bg5 Re8 10. Nd5 Nxd5 11. cxd5 f6 12. Bd2 Bf8 13. 0-0 Nd7 14. Rfc1 Bd6 15. Be3 f5 16. exf5 gxf5 17. Bb5 a6 18. Bxd7 Bxd7 19. Bc5 Rac8 20. Nd2 Bb5 21. a4 Bd3 22. Ra3 e4 23. Bxd6 cxd6 24. Rac3 Rxc3 25. Rxc3 Kf7 26. Rc7+ Re7 27. Rxe7+ Kxe7 28. f4 exf3 29. gxf3 f4 30. Ne4 Bxe4 31. fxe4 Kf6 32. Kf2 Ke5 33. Kf3 a5 34. b3 b6 0-1

[Event "Presov-B2"]
[Site "Presov"]
[Date "2004.??.??"]
[Round "8"]
[White "Berezowski, Szymon"]
[Black "Molnar, Peter"]
[Result "0-1"]
[WhiteElo "2050"]
[BlackElo "2205"]
[PlyCount "62"]
[EventDate "2004.??.??"]
[EventType "tourn"]
[EventRounds "9"]
[EventCountry "SVK"]
[SourceTitle "EXT 2007"]
[Source "ChessBase"]
[SourceDate "2006.11.23"]
[SourceVersion "1"]
[SourceVersionDate "2006.11.23"]
[SourceQuality "1"]

1. e4 c5 2. Nf3 e6 3. d4 cxd4 4. Nxd4 a6 5. Nc3 Qc7 6. Bd3 Nf6 7. 0-0 Nc6 8. Be3 Ne5 9. h3 Be7 10. Qe2 0-0 11. f4 Nxd3 12. cxd3 d6 13. Rac1 Qd8 14. g4 Nd7 15. Rc2 Re8 16. Kh2 Bf8 17. Rf2 g6 18. Qf3 Bg7 19. Nb3 Rf8 20. Qg3 b5 21. Rfe2 b4 22. Na4 Bb7 23. Qf2 a5 24. Nb6 Ra6 25. Nxd7 Qxd7 26. e5 a4 27. Nc1 dxe5 28. Bc5 Re8 29. fxe5 b3 30. axb3 axb3 31. Nxb3 Qd5 0-1

[Event "Podhale-ch 18th"]
[Site "Rabka Zdroj"]
[Date "2002.02.04"]
[Round "6"]
[White "Berezowski, Szymon"]
[Black "Pulik, Krzysztof"]
[Result "0-1"]
[WhiteElo "1800"]
[BlackElo "2146"]
[PlyCount "100"]
[EventDate "2002.02.01"]
[EventType "swiss"]
[EventRounds "9"]
[EventCountry "POL"]
[SourceTitle "EXT 2005"]
[Source "ChessBase"]
[SourceDate "2004.11.15"]
[SourceVersion "1"]
[SourceVersionDate "2004.11.15"]
[SourceQuality "1"]

1. e4 e6 2. d4 d5 3. exd5 exd5 4. Bd3 Bd6 5. Ne2 Ne7 6. 0-0 Nbc6 7. c3 Bg4 8. f3 Bh5 9. Bf4 Bg6 10. Qc2 Qd7 11. Re1 0-0-0 12. Bxd6 Qxd6 13. Nd2 f6 14. b4 Bxd3 15. Qxd3 g5 16. Ng3 Qd7 17. Nb3 b6 18. a4 Nb8 19. a5 Rde8 20. axb6 axb6 21. Ra8 Qd6 22. Nf5 Nxf5 23. Qxf5+ Kb7 24. Rea1 Nc6 25. R8a2 Qe6 26. Qxe6 Rxe6 27. b5 Nb8 28. Kf2 Rhe8 29. Rc2 f5 30. Raa2 Nd7 31. Re2 Nf6 32. Rxe6 Rxe6 33. Re2 Rxe2+ 34. Kxe2 Ne8 35. h4 h6 36. hxg5 hxg5 37. Kd3 Nd6 38. Nd2 Nxb5 39. Nf1 Nd6 40. Ng3 Kc6 41. Nh5 Kd7 42. Ng3 Ke6 43. Nf1 Nc4 44. Kc2 f4 45. Kd3 Kf5 46. Ke2 c6 47. Kd3 g4 48. Ke2 g3 49. Kd3 Ke6 50. Ke2 Kd7 0-1

[Event "Podhale-ch 18th"]
[Site "Rabka Zdroj"]
[Date "2002.02.03"]
[Round "5"]
[White "Szumilo, Witold"]
[Black "Berezowski, Szymon"]
[Result "1-0"]
[WhiteElo "2188"]
[BlackElo "1800"]
[PlyCount "115"]
[EventDate "2002.02.01"]
[EventType "swiss"]
[EventRounds "9"]
[EventCountry "POL"]
[SourceTitle "EXT 2005"]
[Source "ChessBase"]
[SourceDate "2004.11.15"]
[SourceVersion "1"]
[SourceVersionDate "2004.11.15"]
[SourceQuality "1"]

1. e4 c5 2. Nf3 d6 3. Bb5+ Bd7 4. a4 a6 5. Bc4 e6 6. 0-0 Be7 7. c3 Bc6 8. Re1 Nf6 9. e5 dxe5 10. Nxe5 0-0 11. d4 cxd4 12. cxd4 Bd5 13. Bd3 Nc6 14. Nc3 Rc8 15. Re3 Nxd4 16. Rh3 Bb3 17. Bxh7+ Nxh7 18. Qh5 Bc2 19. Be3 Nb3 20. Re1 Bg5 21. f4 Bh6 22. Rg3 Kh8 23. Nxf7+ Rxf7 24. Qxf7 Nc5 25. f5 Rc7 26. Qh5 Bxf5 27. Bxh6 gxh6 28. Rd1 Rd7 29. Rxd7 Qxd7 30. Qxh6 Ne4 31. Nxe4 Bxe4 32. h4 Bf5 33. Qf4 Qe7 34. Qb8+ Nf8 35. Rg5 Kh7 36. Qe5 Qf7 37. g4 Bg6 38. Qe3 Qd7 39. h5 Qd1+ 40. Kf2 Qc2+ 41. Kg3 Be4 42. Qf2 Qxf2+ 43. Kxf2 Nd7 44. Ke3 Bd5 45. Kd4 Nb6 46. a5 Nd7 47. b4 Nf6 48. Rg6 Ne4 49. Ke5 Nf2 50. Kf6 Ne4+ 51. Ke5 Nf2 52. Kd4 Nd1 53. Rf6 Kg7 54. g5 Nb2 55. h6+ Kh7 56. Rf7+ Kg8 57. Rc7 Nd1 58. g6 1-0